| 000 | 00685nam a2200217 a 4500 | ||
|---|---|---|---|
| 999 |
_c2430 _d2430 |
||
| 001 | 2430 | ||
| 003 | BD-JhCC | ||
| 005 | 20171102170951.0 | ||
| 008 | 171102s2000 bg ||||| |||| 00| 0 ben d | ||
| 035 | _a(BD-JhCC)2430 | ||
| 040 |
_aBD-JhCC _dBD-JhCC |
||
| 041 | _aben | ||
| 082 |
_223 _a891.4409 _bAHA 2000 |
||
| 100 | _aআহমদ , ওয়াকিল | ||
| 245 |
_aকাজী নজরুল ইসলাম / _cওয়াকিল আহমদ |
||
| 260 |
_aঢাকা : _bবাংলাদেশ এশিয়াটিক সোসাইটি, _c২০০০ |
||
| 300 |
_a180 p. : _c22cm. |
||
| 650 | _aBengali Literature | ||
| 942 |
_2ddc _cBK |
||